Los caminos actuales de la crítica /
Compilación de diversos ensayos sobre crítica literaria. Así se encuentran textos de Aldo Rossi, Paul de Man, Walter Ince, Claire Lejeune, René Girard, Maurice-Jean Fefevre, entre otros.
Na minha lista:
| Outros Autores: | , |
|---|---|
| Formato: | Livro |
| Idioma: | espanhol |
| Publicado em: |
Barcelona, España :
Planeta,
1969, c1969
|
| Colecção: | (Ensayos Planeta de Lingüística y Crítica Literaria ;
4) |
| Assuntos: | |
| Tags: |
Sem tags, seja o primeiro a adicionar uma tag!
|
MARC
| LEADER | 00000nam^a2200000^a^4500 | ||
|---|---|---|---|
| 001 | 000156660 | ||
| 005 | 20250521000000.0 | ||
| 009 | 20260310100511.543 | ||
| 037 | |a Acervo ITESO - Biblioteca | ||
| 041 | |a ESP | ||
| 082 | |a 809. |b POU | ||
| 100 | |a Poulet, Georges |e (dir.) | ||
| 245 | 1 | 4 | |a Los caminos actuales de la crítica / |c Dir. de G. Poulet ; bibliogafía de D. Noguez ; introd. de Antonio Prieto. |
| 264 | 4 | |a Barcelona, España : |b Planeta, |c 1969, c1969 | |
| 300 | |a 355 p. | ||
| 336 | |a texto |b txt |2 rdacontenido | ||
| 337 | |a sin mediación |b n |2 rdamedio | ||
| 338 | |a volumen |b nc |2 rdasoporte | ||
| 440 | 1 | |a (Ensayos Planeta de Lingüística y Crítica Literaria ; |v 4) | |
| 500 | |a Traducción de: Les chemins actuels de la critique | ||
| 520 | |a Compilación de diversos ensayos sobre crítica literaria. Así se encuentran textos de Aldo Rossi, Paul de Man, Walter Ince, Claire Lejeune, René Girard, Maurice-Jean Fefevre, entre otros. | ||
| 649 | |a XX | ||
| 650 | |a Literatura - |x Historia y Crítica - |x Metodología | ||
| 650 | |a Estilo Literario - |x Historia y Crítica | ||
| 650 | |a Recepción y Apropiación de la Comunicación | ||
| 650 | |a Recepción y Apreciación del Arte | ||
| 650 | |a Creación (Literaria, Artística, etc.) | ||
| 700 | |a Noguez, Dominique |e (bibliografía) | ||
| 910 | |a Fondo Salvador Reynoso Reynoso | ||
| 920 | |a Impresos - Libros | ||
| 930 | |a Fondos Especiales | ||
| 940 | |a Literatura | ||
| 905 | |a 112 | ||
| 901 | |a 0800016206 |b IT2 |c ESP |u 20250521 | ||
| 902 | |a https://opac.biblio.iteso.mx/vufind/Record/000156660 | ||